000
002470000a22000970004500
100
1
_a
Escandón, Rafael
245
1
0
_a
¿Cuál es tu nombre?
300
_a
Vol. 57, Núm 257 (2002), Páginas 13-15
773
0
_t
La Biblia de las Américas
942
_c
ANA
999
_c
51692
_d
51692